000 00211 a2200097 4500
020 _a9500816415
041 _aspa
100 _aCanfield, Jack
245 _aOtra taza de chocolate caliente para el alma
942 _cBK
999 _c8921
_d8921